[Event "Pan American-ch School U15"]
[Site "Medellin"]
[Date "2019.11.16"]
[Round "8"]
[White "Luna Urrutia, Alex Josue"]
[Black "Romero Valencia, Miguel Angel"]
[Result "1/2-1/2"]
[WhiteElo "1784"]
[BlackElo "1612"]
[PlyCount "63"]
[EventDate "2019.11.12"]
[EventType "swiss"]
[EventRounds "9"]
[EventCountry "COL"]
[SourceTitle "CBM 193 Extra"]
[Source "ChessBase"]
[SourceDate "2020.01.31"]
[SourceVersion "1"]
[SourceVersionDate "2020.01.31"]
[SourceQuality "1"]

1. e4 Nf6 2. e5 Nd5 3. d4 d6 4. c4 Nb6 5. exd6 cxd6 6. Nc3 g6 7. Be3 Bg7 8. Rc1 0-0 9. Nf3 e5 10. dxe5 dxe5 11. Qxd8 Rxd8 12. c5 N6d7 13. Bc4 Nf8 14. Ng5 Ne6 15. Nb5 Na6 16. Nd6 Nxg5 17. Bxg5 Rd7 18. Bb5 Rc7 19. Bxa6 bxa6 20. Ne8 Rc6 21. Nxg7 Kxg7 22. Bd2 Be6 23. b3 Rac8 24. Be3 g5 25. Bxg5 Rxc5 26. Rxc5 Rxc5 27. Kd2 Ra5 28. Ra1 Bxb3 29. Be3 Rxa2+ 30. Rxa2 Bxa2 31. Bxa7 Kf6 32. Ke3 1/2-1/2

[Event "Pan American-ch U16"]
[Site "Guayaquil"]
[Date "2019.07.25"]
[Round "7"]
[White "Luna Urrutia, Alex Josue"]
[Black "Raparthi, Ankit"]
[Result "1/2-1/2"]
[WhiteElo "1687"]
[BlackElo "1860"]
[PlyCount "102"]
[EventDate "2019.07.21"]
[EventType "swiss"]
[EventRounds "9"]
[EventCountry "ECU"]
[SourceTitle "EXT 2020"]
[Source "ChessBase"]
[SourceDate "2019.10.17"]
[SourceVersion "1"]
[SourceVersionDate "2019.10.17"]
[SourceQuality "1"]

1. e4 e5 2. Nf3 Nc6 3. Bb5 a6 4. Ba4 Nf6 5. 0-0 b5 6. Bb3 Bc5 7. Re1 0-0 8. c3 d6 9. d4 Bb6 10. a4 Rb8 11. h3 Re8 12. axb5 axb5 13. Na3 exd4 14. cxd4 Na5 15. Bc2 b4 16. Nb1 c5 17. Bg5 h6 18. Bh4 Nc6 19. Nbd2 cxd4 20. Nb3 Bb7 21. Nbxd4 Nxd4 22. Nxd4 g5 23. Bg3 Nxe4 24. Bxe4 Rxe4 25. Nf5 Qf6 26. Qxd6 Qxd6 27. Nxd6 Rxe1+ 28. Rxe1 Bc7 29. Re7 Bxd6 30. Bxd6 Rd8 31. Rxb7 Rxd6 32. Rxb4 Rd2 33. Rb8+ Kg7 34. b4 Rb2 35. b5 Kf6 36. b6 Kf5 37. g3 h5 38. b7 h4 39. gxh4 gxh4 40. Kg2 Kf4 41. Rh8 Rxb7 42. Rxh4+ Kg5 43. Rg4+ Kf6 44. Kg3 Rb3+ 45. f3 Rb8 46. h4 Rh8 47. Rg5 Rh7 48. Kg4 Rh8 49. f4 Rd8 50. h5 Rd1 51. Rf5+ Kg7 1/2-1/2